Queen or Scorpions? - Statistics

General Stats
  • This quiz has been taken 32 times
  • The average score is 27 of 30
Answer Stats
Hint Answer % Correct
Bohemian Rhapsody Queen
100%
Somebody To Love Queen
100%
We Are The Champions Queen
100%
Crazy Little Thing Called Love Queen
100%
I Want It All Queen
100%
The Show Must Go On Queen
100%
Wind Of Change Scorpions
100%
I'm Leaving You Scorpions
100%
Don't Stop Me Now Queen
96%
We Will Rock You Queen
96%
Killer Queen Queen
96%
Radio Ga Ga Queen
96%
Fat Bottomed Girls Queen
96%
Send Me An Angel Scorpions
96%
Still Loving You Scorpions
96%
No One Like You Scorpions
96%
Innuendo Queen
93%
Rock You Like A Hurricane Scorpions
93%
Lovedrive Scorpions
93%
Big City Nights Scorpions
93%
Always Somewhere Scorpions
89%
Tease Me Please Me Scorpions
89%
Blackout Scorpions
89%
A Kind Of Magic Queen
85%
Another Piece Of Meat Scorpions
85%
Too Much Kove Will Kill You Queen
78%
To Be With You In Heaven Scorpions
78%
Holiday Scorpions
74%
Loving You Sunday Morning Scorpions
67%
Scandal Queen
52%
No matching quizzes found
Score Distribution
Percent of People with Each Score
Percentile by Number Answered
Your Score History
You have not taken this quiz